000 00882nas a2200241 4500
001 BR8707851
003 BR-BrBNA
005 20231205090943.0
007 ta
008 230509b bl.|||p| |||| 00| 00por d
040 _aBR-BrBNA
_bpor
_cBiblioteca Nacional de Agricultura
041 _a(Pt)
072 _aH20
100 1 _aCardoso, R.M.L.
245 1 _aOcorrencia da murcha vascular do cafeeiro (Coffea arabica)no Estado do Parana Brasil, induzida por Fusarium oxysporum F. SP. coffeae
246 1 _aA vascular wilt of coffee (Coffea arabica)in the state of Parana, Brasil, cansed by Fusarium oxysporum f. sp. coffeae
650 _aCAFE
650 _aMURCHA DE FUSARIUM
650 _aPARANÁ
773 0 _tFitopatologia Brasileira (Brazil)
_xISSN 0100-4158
_g(Dec 1986), v. 11(4) p. 753-760
_wBR8707851
909 _a202311
_bLúcia
_c55
_dLúcia Elande
942 _2AGRIS
_n0
_cANA
999 _c121855
_d121855